[Event "2017 Seattle Chess Classic"]
[Site "?"]
[Date "????.??.??"]
[Round "2"]
[White "Velea, Sophie"]
[Black "Kuhner, Mary"]
[Result "0-1"]
[WhiteElo "1607"]
[BlackElo "1971"]
[PlyCount "65"]
[SourceDate "2017.09.06"]
[SourceVersionDate "2017.09.06"]

1. e4 e6 2. d4 d5 3. Nc3 Bb4 4. exd5 exd5 5. Bd3 Ne7 6. Nge2 O-O 7. O-O Bf5 8.
Ng3 Bg6 9. f4 Bxd3 10. Qxd3 f5 11. Qe2 Qd7 12. Re1 Nbc6 13. Qf2 Na5 14. Bd2 Nc4
15. a3 Ba5 16. b3 Nxd2 17. Qxd2 Ng6 18. b4 Bb6 19. Re2 a5 20. b5 a4 21. Rf1 Ba5
22. Qd3 Qd6 23. Ref2 Qxa3 24. Nxd5 Qxd3 25. cxd3 Rad8 26. Ne3 Rxd4 27. Nexf5
Rxd3 28. Ra2 Rd5 29. Ne3 Rxb5 30. Re1 Rb3 31. Ngf1 Rxf4 32. g3 Re4 33. Kf2 0-1

[Event "2017 Seattle Chess Classic"]
[Site "?"]
[Date "????.??.??"]
[Round "2"]
[White "He, Samuel"]
[Black "Taylor, Thomas"]
[Result "1-0"]
[WhiteElo "2278"]
[BlackElo "1648"]
[PlyCount "51"]
[SourceDate "2017.09.06"]
[SourceVersionDate "2017.09.06"]

1. Nf3 Nf6 2. c4 e6 3. g3 c6 4. d4 d5 5. Nbd2 g6 6. Bg2 Bg7 7. O-O O-O 8. Qc2
Re8 9. b3 Nfd7 10. e4 e5 11. Bb2 dxe4 12. Nxe4 exd4 13. Nxd4 Ne5 14. Rad1 Qc7
15. c5 Bg4 16. f3 Be6 17. Nd6 Re7 18. Nxe6 Rxe6 19. Rfe1 Na6 20. f4 Ng4 21.
Bxg7 Rxe1+ 22. Rxe1 Kxg7 23. Qc3+ Kg8 24. h3 Nh6 25. Ne8 Qd7 26. Qg7# 1-0

[Event "2017 Seattle Chess Classic"]
[Site "?"]
[Date "????.??.??"]
[Round "2"]
[White "Du, Wenyang"]
[Black "Perez, Ignacio"]
[Result "0-1"]
[WhiteElo "1875"]
[BlackElo "2223"]
[PlyCount "70"]
[SourceDate "2017.09.07"]
[SourceVersionDate "2017.09.07"]

1. e4 d6 2. d4 Nf6 3. Nc3 g6 4. h3 Bg7 5. Be3 O-O 6. Nf3 c6 7. Bd3 b5 8. a3 a6
9. Qd2 Re8 10. O-O e5 11. dxe5 dxe5 12. Rfd1 Qe7 13. b4 Nbd7 14. Ne2 c5 15.
bxc5 Nxc5 16. Qb4 Bf8 17. Ng3 Bb7 18. Bxc5 Qxc5 19. Qb3 Bh6 20. c4 Bf4 21. Ne2
Bxe4 22. Bxe4 Nxe4 23. Rf1 bxc4 24. Qc2 Ng5 25. Nxf4 Nxf3+ 26. gxf3 exf4 27.
Kh2 c3 28. Rfd1 Rad8 29. Rac1 Rxd1 30. Rxd1 Qxa3 31. Rd3 Ra8 32. Qd1 Qc5 33.
Rd8+ Rxd8 34. Qxd8+ Kg7 35. Qd1 Qxf2+ 0-1

[Event "2017 Seattle Chess Classic"]
[Site "?"]
[Date "????.??.??"]
[Round "2"]
[White "Tien, Andy"]
[Black "Yan, Jeffrey"]
[Result "0-1"]
[WhiteElo "1477"]
[BlackElo "1797"]
[PlyCount "74"]
[SourceDate "2017.09.07"]
[SourceVersionDate "2017.09.07"]

1. e4 e6 2. d4 d5 3. Nc3 Bb4 4. exd5 exd5 5. Bd3 Nc6 6. Nge2 Nge7 7. Ng3 Nxd4
8. Bxh7 Ndc6 9. Bd3 d4 10. a3 Ba5 11. b4 Nxb4 12. axb4 Bxb4 13. O-O Bxc3 14.
Rb1 Nd5 15. Qf3 Qh4 16. h3 c6 17. Ne4 Qe7 18. Bg5 Qe5 19. Nxc3 Qxg5 20. Ne4 Qf4
21. Qxf4 Nxf4 22. Nd6+ Ke7 23. Nxb7 Nxd3 24. cxd3 Rb8 25. Rfe1+ Be6 26. f4 Kf6
27. Na5 Bd5 28. Kh2 Rhe8 29. Rxe8 Rxb1 30. Ra8 Rb2 31. Rxa7 Rxg2+ 32. Kh1 Rg3+
33. Kh2 Rg2+ 34. Kh1 Rd2+ 35. Kg1 Rxd3 36. Ra6 Ra3 37. Ra7 d3 0-1

[Event "2017 Seattle Chess Classic"]
[Site "?"]
[Date "????.??.??"]
[Round "2"]
[White "Deshpande, Aaryan"]
[Black "Doknjas, John"]
[Result "1/2-1/2"]
[WhiteElo "1983"]
[BlackElo "2255"]
[PlyCount "46"]
[SourceDate "2017.09.07"]
[SourceVersionDate "2017.09.07"]

1. e4 c5 2. Nf3 d6 3. Bb5+ Bd7 4. c4 Bxb5 5. cxb5 Nf6 6. Nc3 g6 7. d4 cxd4 8.
Nxd4 Bg7 9. a4 a6 10. Bg5 O-O 11. O-O axb5 12. Ndxb5 Nc6 13. Qe2 h6 14. Bxf6
Bxf6 15. Nd5 Bg7 16. Rfd1 Kh7 17. f4 Qa5 18. Qd2 Qxd2 19. Rxd2 Na5 20. Rc2 Nb3
21. Ra3 Nc5 22. b4 Nxe4 23. Nxe7 Bf6 1/2-1/2

[Event "2017 Seattle Chess Classic"]
[Site "?"]
[Date "????.??.??"]
[Round "2"]
[White "Tsogtsaikhan, Saikhanchimeg"]
[Black "Anand, Vignesh"]
[Result "1-0"]
[WhiteElo "2184"]
[BlackElo "1820"]
[PlyCount "39"]
[SourceDate "2017.09.07"]
[SourceVersionDate "2017.09.07"]

1. e4 c5 2. Nf3 d6 3. d4 cxd4 4. Nxd4 Nf6 5. Nc3 a6 6. Bg5 e6 7. f4 Be7 8. Qf3
Nbd7 9. O-O-O Qc7 10. Bd3 b5 11. Rhe1 Bb7 12. Kb1 O-O 13. Qh3 Nc5 14. e5 Nxd3
15. exf6 Nf2 16. Qg3 Nxd1 17. fxe7 Nxc3+ 18. bxc3 Rfc8 19. Bf6 g6 20. Nf5 1-0

[Event "2017 Seattle Chess Classic"]
[Site "?"]
[Date "????.??.??"]
[Round "2"]
[White "Mayer, Jacob"]
[Black "Patton, Lorenzo"]
[Result "1-0"]
[WhiteElo "1778"]
[BlackElo "1487"]
[PlyCount "75"]
[SourceDate "2017.09.07"]
[SourceVersionDate "2017.09.07"]

1. e4 e5 2. Nf3 Nc6 3. Bc4 Nf6 4. d3 Be7 5. O-O d6 6. h3 O-O 7. c3 Be6 8. Nbd2
Bxc4 9. Nxc4 d5 10. exd5 Qxd5 11. Qe2 e4 12. dxe4 Qxe4 13. Qxe4 Nxe4 14. Re1
Nd6 15. Na5 Nxa5 16. Rxe7 Rac8 17. Bf4 Rfe8 18. Rae1 Kf8 19. Rxc7 Rxe1+ 20.
Nxe1 Rxc7 21. Bxd6+ Re7 22. Bxe7+ Kxe7 23. Kf1 Kd6 24. Ke2 Kd5 25. b3 Nc6 26.
Ke3 a5 27. f4 f6 28. c4+ Kd6 29. a3 g5 30. fxg5 fxg5 31. Nf3 h6 32. Nd4 Ke5 33.
Nxc6+ bxc6 34. b4 axb4 35. axb4 h5 36. g3 Ke6 37. Ke4 Kf6 38. b5 1-0

[Event "2017 Seattle Chess Classic"]
[Site "?"]
[Date "????.??.??"]
[Round "2"]
[White "Beck, Alec"]
[Black "Bashkansky, Naomi"]
[Result "0-1"]
[WhiteElo "1721"]
[BlackElo "1995"]
[PlyCount "44"]
[SourceDate "2017.09.07"]
[SourceVersionDate "2017.09.07"]

1. d4 d5 2. c4 dxc4 3. e4 e5 4. Nf3 exd4 5. Qxd4 Qxd4 6. Nxd4 a6 7. Bxc4 c5 8.
Ne2 Nc6 9. Bf4 Nb4 10. Kd2 b5 11. Bb3 Bb7 12. Nbc3 O-O-O+ 13. Ke1 c4 14. Bd1
Nd3+ 15. Kf1 Bc5 16. Bg3 Nxb2 17. Nf4 Nxd1 18. Rxd1 Rxd1+ 19. Nxd1 Bxe4 20. Nc3
Bc6 21. Ke2 b4 22. Ncd5 g5 0-1

[Event "2017 Seattle Chess Classic"]
[Site "?"]
[Date "????.??.??"]
[Round "2"]
[White "Velea, Anne-Marie"]
[Black "Christiansen, Esben"]
[Result "1-0"]
[WhiteElo "1765"]
[BlackElo "2126"]
[PlyCount "51"]
[SourceDate "2017.09.07"]
[SourceVersionDate "2017.09.07"]

1. e4 c5 2. Nf3 e6 3. d4 cxd4 4. Nxd4 Nf6 5. Bd3 d6 6. O-O a6 7. Kh1 Qc7 8. f4
Be7 9. Qe2 Nbd7 10. Nc3 b5 11. Bd2 Bb7 12. Rad1 Nc5 13. b4 Nxd3 14. cxd3 O-O
15. Rc1 Qd7 16. Qf2 Rac8 17. Qg3 g6 18. f5 d5 19. e5 Nh5 20. Qg4 exf5 21. Nxf5
Kh8 22. Bh6 Rg8 23. Nd6 Rgd8 24. Qxd7 Rxd7 25. Nxc8 Bxc8 26. Rxf7 1-0

[Event "2017 Seattle Chess Classic"]
[Site "?"]
[Date "????.??.??"]
[Round "1"]
[White "Truelson, Joseph"]
[Black "He, Samuel"]
[Result "0-1"]
[WhiteElo "2004"]
[BlackElo "2278"]
[PlyCount "70"]
[SourceDate "2017.09.07"]
[SourceVersionDate "2017.09.07"]

1. c4 e5 2. Nc3 Nc6 3. Nf3 Nf6 4. e3 Bb4 5. Qc2 Bxc3 6. Qxc3 Qe7 7. a3 d5 8.
cxd5 Nxd5 9. Qc2 e4 10. Bb5 Bd7 11. Bxc6 Bxc6 12. Nd4 Bd7 13. b4 O-O 14. O-O b6
15. Qc4 Qd6 16. Nb5 Qe5 17. Bb2 Qg5 18. Nc3 Nxc3 19. Bxc3 Bb5 20. Qxe4 Bxf1 21.
Rxf1 Rfe8 22. Qc6 Qd8 23. f4 Qd6 24. Qc4 Rad8 25. f5 Rd7 26. f6 g6 27. Rf3 h5
28. Qh4 Qd5 29. Qf4 Kh7 30. Rh3 Re4 31. Qf3 Kg8 32. Qf1 Qd3 33. Qf3 Rd5 34. Qg3
Qb1+ 35. Kf2 Rf5+ 0-1

[Event "2017 Seattle Chess Classic"]
[Site "?"]
[Date "????.??.??"]
[Round "1"]
[White "Su, Ethan"]
[Black "Mayer, Jacob"]
[Result "0-1"]
[WhiteElo "1400"]
[BlackElo "1778"]
[PlyCount "110"]
[SourceDate "2017.09.07"]
[SourceVersionDate "2017.09.07"]

1. e4 c5 2. Nf3 e6 3. c3 a6 4. d4 cxd4 5. cxd4 Nc6 6. Nc3 d6 7. Bc4 b5 8. Bb3
Nf6 9. O-O b4 10. Ba4 Bd7 11. d5 Na5 12. dxe6 fxe6 13. Bxd7+ Qxd7 14. Ne2 Nxe4
15. Qd4 d5 16. Ne5 Qd6 17. f3 Nc6 18. Nxc6 Qxc6 19. Be3 Bc5 20. Qxg7 Bxe3+ 21.
Kh1 Nf2+ 22. Rxf2 O-O-O 23. Rff1 Qd7 24. Qe5 Bb6 25. Rac1+ Kb7 26. Nf4 Rhe8 27.
Nd3 Qb5 28. Rfd1 Rd7 29. Qf4 Ree7 30. Qxb4 Qxb4 31. Nxb4 Rc7 32. Nd3 Be3 33.
Rxc7+ Rxc7 34. Re1 d4 35. Re2 Kb6 36. f4 Bxf4 37. Rxe6+ Kb5 38. Kg1 Be3+ 39.
Kf1 Rc2 40. b3 Rd2 41. Re5+ Kc6 42. Nb4+ Kd6 43. Rd5+ Ke6 44. Ra5 Rf2+ 45. Ke1
Rxg2 46. Rxa6+ Kf5 47. Ra5+ Ke4 48. Kd1 d3 49. Nxd3 Kxd3 50. Rd5+ Bd4 51. Rxd4+
Kxd4 52. a3 Kc3 53. a4 Kxb3 54. a5 Ra2 55. Ke1 Rxa5 0-1

[Event "2017 Seattle Chess Classic"]
[Site "?"]
[Date "????.??.??"]
[Round "1"]
[White "Tien, Sophie"]
[Black "Rupel, David"]
[Result "1/2-1/2"]
[WhiteElo "1798"]
[BlackElo "2063"]
[PlyCount "53"]
[SourceDate "2017.09.07"]
[SourceVersionDate "2017.09.07"]

1. e4 c5 2. Nf3 g6 3. d4 cxd4 4. Nxd4 Bg7 5. Be3 Nf6 6. Nc3 Nc6 7. Be2 O-O 8.
Nb3 d6 9. f4 Be6 10. g4 Na5 11. f5 Bc4 12. Bf3 Ba6 13. g5 Nd7 14. Bd4 Ne5 15.
Be2 Bxe2 16. Qxe2 Nxb3 17. axb3 Nf3+ 18. Qxf3 Bxd4 19. h4 Rc8 20. h5 gxf5 21.
exf5 Qd7 22. g6 Bxc3+ 23. bxc3 Rc5 24. gxf7+ Kxf7 25. Rxa7 Rxf5 26. Rxb7 Qe6+
27. Kd1 1/2-1/2

[Event "2017 Seattle Chess Classic"]
[Site "?"]
[Date "????.??.??"]
[Round "1"]
[White "Christiansen, Esben"]
[Black "Velea, Stephanie"]
[Result "0-1"]
[WhiteElo "2126"]
[BlackElo "1687"]
[PlyCount "72"]
[SourceDate "2017.09.07"]
[SourceVersionDate "2017.09.07"]

1. e4 c5 2. Nf3 d6 3. d4 cxd4 4. Nxd4 Nf6 5. Nc3 g6 6. Be2 Bg7 7. Be3 O-O 8.
O-O Nc6 9. Kh1 Bd7 10. Qd2 Rc8 11. f4 a6 12. Bf3 b5 13. a3 Na5 14. b3 Qc7 15.
Nde2 Bg4 16. Rad1 Bxf3 17. Rxf3 Rfd8 18. f5 Qc6 19. fxg6 fxg6 20. Bg5 Nxe4 21.
Nxe4 Qxe4 22. Ng3 Qb7 23. Qe2 Be5 24. Bf4 Nc6 25. Qe4 Qd7 26. h4 Qg4 27. h5
Bxf4 28. hxg6 Qh4+ 29. Kg1 Bxg3 30. Qe6+ Kh8 31. g7+ Kxg7 32. Rdd3 Qh2+ 33. Kf1
Rf8 34. Qg4+ Kh8 35. Ke2 Qxg2+ 36. Kd1 Ne5 0-1

[Event "2017 Seattle Chess Classic"]
[Site "?"]
[Date "????.??.??"]
[Round "1"]
[White "Du, Shuhan"]
[Black "Zhang, Brendan"]
[Result "0-1"]
[WhiteElo "1709"]
[BlackElo "2092"]
[PlyCount "76"]
[SourceDate "2017.09.07"]
[SourceVersionDate "2017.09.07"]

1. d4 Nf6 2. c4 e6 3. Nf3 b6 4. g3 Ba6 5. b3 Bb4+ 6. Bd2 Be7 7. Bg2 d5 8. cxd5
exd5 9. O-O O-O 10. Nc3 Re8 11. Re1 Bb7 12. Rc1 Ne4 13. Rc2 Nc6 14. Qc1 Bf6 15.
Be3 Nb4 16. Rb2 c5 17. a3 cxd4 18. Nxd4 Rc8 19. Bxe4 dxe4 20. Rd1 Nd5 21. Rc2
Nxe3 22. fxe3 Be5 23. Ndb5 Qf6 24. Nxe4 Qf5 25. Ned6 Rxc2 26. Qb1 Bxd6 27. Nxd6
Qe5 28. Qxc2 Qxe3+ 29. Kf1 Bg2+ 30. Kxg2 Qxe2+ 31. Qxe2 Rxe2+ 32. Kh3 h5 33.
Nc8 g5 34. Rd3 g4+ 35. Kh4 Rxh2+ 36. Kg5 Kg7 37. Nxa7 f6+ 38. Kf5 Rf2+ 0-1

[Event "2017 Seattle Chess Classic"]
[Site "?"]
[Date "????.??.??"]
[Round "1"]
[White "Lewis-Sandy, Joshua"]
[Black "Doknjas, Joshua"]
[Result "0-1"]
[WhiteElo "1846"]
[BlackElo "2223"]
[PlyCount "96"]
[SourceDate "2017.09.07"]
[SourceVersionDate "2017.09.07"]

1. e4 c5 2. Nc3 a6 3. Nf3 d6 4. d4 cxd4 5. Nxd4 Nf6 6. Be2 e5 7. Nb3 Be7 8. O-O
O-O 9. Be3 Be6 10. f4 exf4 11. Bxf4 Nc6 12. Kh1 Ne5 13. Nd4 Rc8 14. Nxe6 fxe6
15. Bxe5 dxe5 16. Qd3 Bb4 17. Nd1 Qxd3 18. Bxd3 Nxe4 19. Rxf8+ Rxf8 20. g3 Nd6
21. Kg2 e4 22. Be2 Bc5 23. a3 Rc8 24. c4 Bd4 25. Rc1 b5 26. b3 Kf7 27. a4 bxa4
28. bxa4 Rc5 29. Nf2 Ra5 30. Bd1 Rf5 31. Rc2 Nxc4 32. Rxc4 Rxf2+ 33. Kh3 Rd2
34. Bb3 Rb2 35. Bc2 e3 36. Bd3 e5 37. Rc1 a5 38. Re1 g6 39. Bb5 Ke7 40. Re2 Rb4
41. Kg2 Kd6 42. Kf3 Kd5 43. Rc2 e4+ 44. Kf4 Bc5 45. Re2 h6 46. Re1 Rb2 47. Re2
Rxe2 48. Bxe2 Kd4 0-1

[Event "2017 Seattle Chess Classic"]
[Site "?"]
[Date "????.??.??"]
[Round "1"]
[White "Vijayakumar, Advaith"]
[Black "Ramasamy, Vikram"]
[Result "0-1"]
[WhiteElo "1758"]
[BlackElo "2139"]
[PlyCount "71"]
[SourceDate "2017.09.07"]
[SourceVersionDate "2017.09.07"]

1. d4 Nf6 2. c4 c5 3. d5 b5 4. cxb5 a6 5. bxa6 g6 6. Nc3 Bg7 7. e4 O-O 8. Nf3
Qa5 9. Bd2 Bxa6 10. Bxa6 Qxa6 11. Qe2 d6 12. Qxa6 Nxa6 13. O-O Rfb8 14. Rab1
Nd7 15. Rfc1 Nb4 16. a3 Nd3 17. Rc2 c4 18. Nd1 Rxa3 19. Rxc4 Rab3 20. Bc3 Nxb2
21. Bxb2 Bxb2 22. Nd2 R3b7 23. Nxb2 Rxb2 24. Rxb2 Rxb2 25. Rd4 Nc5 26. Kf1 Kg7
27. g3 f5 28. exf5 gxf5 29. Kg2 Kf6 30. Kf3 Ra2 31. Nc4 Ne4 32. Ke3 Nxf2 33. h3
Nxh3 34. Rh4 Ng5 35. Rh6+ Kg7 36. Rh5 0-1

[Event "2017 Seattle Chess Classic"]
[Site "?"]
[Date "????.??.??"]
[Round "1"]
[White "Sohal, Tanraj"]
[Black "Srinivasan, Harish"]
[Result "1-0"]
[WhiteElo "2314"]
[BlackElo "1949"]
[PlyCount "44"]
[SourceDate "2017.09.07"]
[SourceVersionDate "2017.09.07"]

1. d4 d5 2. c4 c6 3. cxd5 cxd5 4. Bf4 Nc6 5. e3 Nf6 6. Nc3 a6 7. Bd3 e6 8. Rc1
Bd6 9. Bxd6 Qxd6 10. f4 Bd7 11. Nf3 Rc8 12. O-O O-O 13. Ne5 Na5 14. g4 Nc4 15.
Qe2 b5 16. g5 Ne8 17. Bxh7+ Kxh7 18. Qh5+ Kg8 19. Rf3 f5 20. Rh3 Nxe5 21. dxe5
Rxc3 22. Qh7+ Kf7 1-0

[Event "2017 Seattle Chess Classic"]
[Site "?"]
[Date "????.??.??"]
[Round "1"]
[White "Doknjas, John"]
[Black "Chen, Minda"]
[Result "1-0"]
[WhiteElo "2255"]
[BlackElo "1864"]
[PlyCount "63"]
[SourceDate "2017.09.07"]
[SourceVersionDate "2017.09.07"]

1. e4 c5 2. Nc3 e6 3. f4 d5 4. Nf3 dxe4 5. Nxe4 Be7 6. Bb5+ Bd7 7. Bxd7+ Nxd7
8. O-O Ngf6 9. d3 b5 10. Ng3 O-O 11. f5 e5 12. Qe2 Bd6 13. a4 a6 14. Bg5 Qb6
15. a5 Qb7 16. Nd2 Bc7 17. Bxf6 gxf6 18. Nge4 Kh8 19. Qh5 Qd5 20. Nc3 Qd4+ 21.
Kh1 Rg8 22. Qxf7 Qg4 23. Qd5 Rae8 24. Qf3 Qb4 25. Qc6 Bxa5 26. Qxd7 Qxb2 27.
Nce4 Bd8 28. Rxa6 Re7 29. Qd5 Reg7 30. Ra8 Be7 31. Rxg8+ Rxg8 32. Qf7 1-0

[Event "2017 Seattle Chess Classic"]
[Site "?"]
[Date "????.??.??"]
[Round "1"]
[White "Du, Wenyang"]
[Black "He, Samuel"]
[Result "1-0"]
[WhiteElo "1875"]
[BlackElo "2278"]
[PlyCount "77"]
[SourceDate "2017.09.07"]
[SourceVersionDate "2017.09.07"]

1. e4 c5 2. Nf3 d6 3. c3 Nf6 4. Be2 g6 5. O-O Bg7 6. Re1 O-O 7. Bf1 e5 8. d4
Qe7 9. h3 a6 10. Bd3 Nc6 11. d5 Nb8 12. a4 Nbd7 13. Na3 Nh5 14. Be3 Nf4 15. Bf1
h6 16. Rc1 g5 17. Nh2 b6 18. b4 Bb7 19. bxc5 Nxc5 20. Bxc5 bxc5 21. a5 Qc7 22.
Nc4 f5 23. f3 h5 24. Rb1 Rad8 25. Rb6 g4 26. hxg4 hxg4 27. g3 Nh5 28. fxg4 fxg4
29. Qxg4 Nf6 30. Qe6+ Kh8 31. Nxd6 Ba8 32. Nf3 Nxd5 33. Ng5 Rf6 34. Ndf7+ Kg8
35. Nxd8+ Rxe6 36. Ndxe6 Qc8 37. exd5 e4 38. Reb1 Be5 39. d6 1-0

[Event "2017 Seattle Chess Classic"]
[Site "?"]
[Date "????.??.??"]
[Round "1"]
[White "Kaelin, Alex"]
[Black "Harish, Neeraj"]
[Result "1-0"]
[WhiteElo "1528"]
[BlackElo "1137"]
[PlyCount "33"]
[SourceDate "2017.09.07"]
[SourceVersionDate "2017.09.07"]

1. e4 e5 2. Nf3 Nc6 3. Bc4 Nf6 4. d3 Bc5 5. c3 O-O 6. Bb3 d6 7. O-O Qe7 8. Nbd2
Bg4 9. Re1 Rfe8 10. Nf1 Rad8 11. Ng3 d5 12. exd5 Nxd5 13. h3 Bxf3 14. Qxf3 Qe6
15. d4 Bb6 16. Bf4 Qf6 17. Bxd5 1-0

[Event "2017 Seattle Chess Classic"]
[Site "?"]
[Date "????.??.??"]
[Round "1"]
[White "Kuhner, Mary"]
[Black "Feng, Roland"]
[Result "0-1"]
[WhiteElo "1971"]
[BlackElo "2471"]
[PlyCount "48"]
[SourceDate "2017.09.07"]
[SourceVersionDate "2017.09.07"]

1. e4 e6 2. d4 d5 3. Nc3 Nf6 4. Bg5 dxe4 5. Nxe4 Be7 6. Nxf6+ gxf6 7. Be3 Nc6
8. Nf3 b6 9. Be2 Bb7 10. O-O Rg8 11. Re1 Qd6 12. c3 O-O-O 13. Qa4 Qd5 14. c4
Qe4 15. h3 Nxd4 16. Bxd4 Rxd4 17. Qb3 Rd2 18. Kf1 Bc5 19. Rad1 Rxg2 20. Kxg2
Qh4 21. Rxd2 Qxf2+ 22. Kh1 Qxe1+ 23. Kh2 Qf2+ 24. Kh1 Qg1# 0-1

[Event "2017 Seattle Chess Classic"]
[Site "?"]
[Date "????.??.??"]
[Round "1"]
[White "Taylor, Thomas"]
[Black "Mukumbya, Benjamin"]
[Result "1/2-1/2"]
[WhiteElo "1648"]
[BlackElo "2028"]
[PlyCount "63"]
[SourceDate "2017.09.07"]
[SourceVersionDate "2017.09.07"]

1. c4 Nf6 2. g3 c6 3. Bg2 d5 4. cxd5 cxd5 5. d4 Nc6 6. Nc3 Bf5 7. Nf3 h6 8. O-O
e6 9. Be3 Rc8 10. Rc1 Bd6 11. h3 Bh7 12. Nb5 Bb8 13. Nd2 O-O 14. Nb3 b6 15. Nc3
Qd7 16. Qd2 Ne7 17. Bf4 Ne4 18. Nxe4 dxe4 19. Rxc8 Rxc8 20. Bxb8 Rxb8 21. Rc1
Qa4 22. Qc3 Bg6 23. Qc7 Rc8 24. Qxe7 Rxc1+ 25. Nxc1 Qd1+ 26. Bf1 Qxc1 27. e3 h5
28. b3 Bf5 29. Qe8+ Kh7 30. Qxf7 Qd1 31. g4 hxg4 32. Qh5+ 1/2-1/2

[Event "2017 Seattle Chess Classic"]
[Site "?"]
[Date "????.??.??"]
[Round "1"]
[White "Raffel, Brian"]
[Black "Deshpande, Aaryan"]
[Result "0-1"]
[WhiteElo "1403"]
[BlackElo "1983"]
[PlyCount "60"]
[SourceDate "2017.09.07"]
[SourceVersionDate "2017.09.07"]

1. e4 c6 2. d4 d5 3. exd5 cxd5 4. Nf3 Nc6 5. Nc3 e6 6. a3 a6 7. Bf4 Bd6 8. Bg3
Nge7 9. Be2 Nf5 10. Bxd6 Nxd6 11. O-O b5 12. Re1 O-O 13. Qd2 h6 14. Qf4 Rb8 15.
Ne5 Nxe5 16. Qxe5 Bb7 17. Bd3 Nc4 18. Bxc4 bxc4 19. Re3 Qf6 20. Qxf6 gxf6 21.
Rg3+ Kh7 22. Re1 Rfe8 23. Na4 Bc6 24. Nc5 Rxb2 25. Nxa6 e5 26. Nb4 exd4 27. Rd1
d3 28. c3 d2 29. Re3 Rxe3 30. fxe3 Ba4 0-1

[Event "2017 Seattle Chess Classic"]
[Site "?"]
[Date "????.??.??"]
[Round "1"]
[White "Perez, Ignacio"]
[Black "Duleba, Krzysztof"]
[Result "1-0"]
[WhiteElo "2220"]
[BlackElo "1821"]
[PlyCount "65"]
[SourceDate "2017.09.07"]
[SourceVersionDate "2017.09.07"]

1. d4 Nf6 2. Nf3 e6 3. Bg5 Be7 4. Nbd2 d5 5. e3 b6 6. c4 Bb7 7. cxd5 exd5 8.
Bxf6 Bxf6 9. Bd3 O-O 10. Qc2 g6 11. h4 Nc6 12. a3 Ne7 13. h5 a5 14. hxg6 fxg6
15. O-O-O c5 16. Kb1 Rc8 17. dxc5 bxc5 18. Nc4 Qc7 19. e4 dxc4 20. Bxc4+ Kg7
21. e5 Bxe5 22. Ng5 Rf6 23. Rxh7+ Kf8 24. f4 Bd4 25. Rdh1 Rb6 26. Rh8+ Bxh8 27.
Rxh8+ Kg7 28. Qc3+ Rf6 29. Rh7+ Kf8 30. Qxf6+ Ke8 31. Rh8+ Ng8 32. Rxg8+ Kd7
33. Qe6# 1-0

[Event "2017 Seattle Chess Classic"]
[Site "?"]
[Date "????.??.??"]
[Round "1"]
[White "Tu, Robin"]
[Black "Gupta, Anand"]
[Result "1-0"]
[WhiteElo "1679"]
[BlackElo "1227"]
[PlyCount "53"]
[SourceDate "2017.09.07"]
[SourceVersionDate "2017.09.07"]

1. e4 c5 2. Nc3 g6 3. f4 d6 4. Nf3 Bg7 5. Bc4 Nc6 6. d3 Na5 7. Bb5+ Bd7 8.
Bxd7+ Qxd7 9. Bd2 Nc6 10. O-O Nd4 11. Be3 Nxf3+ 12. Qxf3 Nf6 13. h3 Rd8 14. e5
Ng8 15. Rae1 e6 16. exd6 b6 17. g4 Nh6 18. f5 gxf5 19. Bxh6 Bxh6 20. gxf5 Rg8+
21. Kh1 e5 22. Rxe5+ Kf8 23. Ne4 Bg7 24. Re7 Qc8 25. Qh5 Qxf5 26. Rxf5 Bf6 27.
Qxf7# 1-0

[Event "2017 Seattle Chess Classic"]
[Site "?"]
[Date "????.??.??"]
[Round "7"]
[White "Seshadri, Sridhar"]
[Black "Mukumbya, Benjamin"]
[Result "0-1"]
[WhiteElo "1677"]
[BlackElo "2028"]
[PlyCount "62"]
[SourceDate "2017.09.07"]
[SourceVersionDate "2017.09.07"]

1. d4 Nf6 2. Nf3 e6 3. Nbd2 c5 4. e3 Nc6 5. c3 d5 6. Bb5 a6 7. Bxc6+ bxc6 8.
dxc5 Bxc5 9. Nd4 Bd6 10. Nxc6 Qc7 11. Nd4 e5 12. Ne2 O-O 13. Ng3 Bg4 14. Qa4 e4
15. Ndf1 Nd7 16. h3 Nc5 17. Qc2 Nd3+ 18. Kd2 Nxf2 19. hxg4 Bxg3 20. Rh5 Nxg4
21. Rxd5 Qc4 22. Nxg3 Qxd5+ 23. Ke2 Qc4+ 24. Ke1 Rfe8 25. b3 Qc7 26. Nf1 Ne5
27. Ba3 Nd3+ 28. Ke2 Qa5 29. Bb2 Qh5+ 30. Kd2 Rad8 31. Qb1 Nc1+ 0-1

[Event "2017 Seattle Chess Classic"]
[Site "?"]
[Date "????.??.??"]
[Round "1"]
[White "Mayer, Jacob"]
[Black "Toppen-Ryan, Harrison"]
[Result "1-0"]
[WhiteElo "1778"]
[BlackElo "1446"]
[PlyCount "73"]
[SourceDate "2017.09.07"]
[SourceVersionDate "2017.09.07"]

1. e4 c5 2. c4 d6 3. Ne2 e5 4. d3 g6 5. Nbc3 Bg7 6. g3 Ne7 7. Bg2 Nbc6 8. Be3
Be6 9. O-O Qd7 10. Qd2 h5 11. h4 Bh3 12. Kh2 Bxg2 13. Kxg2 O-O-O 14. a3 Nd4 15.
Bxd4 exd4 16. Nd5 Nxd5 17. cxd5 Bh6 18. f4 f5 19. b4 b6 20. Qc2 Kb8 21. a4 Rc8
22. Qb1 Rc7 23. a5 Rb7 24. Qa2 Rf8 25. axb6 axb6 26. bxc5 dxc5 27. e5 Rd8 28.
d6 Qc6+ 29. Kf2 Kc8 30. Qe6+ Rbd7 31. Ra7 Kb8 32. Rxd7 Rxd7 33. Ra1 Rg7 34. d7
Qxd7 35. Qxb6+ Qb7 36. Qd8+ Qc8 37. Ra8+ 1-0

[Event "2017 Seattle Chess Classic"]
[Site "?"]
[Date "????.??.??"]
[Round "7"]
[White "Doknjas, John"]
[Black "Whale, Nicholas"]
[Result "1/2-1/2"]
[WhiteElo "2255"]
[BlackElo "1547"]
[PlyCount "55"]
[SourceDate "2017.09.07"]
[SourceVersionDate "2017.09.07"]

1. d4 Nf6 2. c4 g6 3. Nc3 Bg7 4. e4 d6 5. Nf3 O-O 6. Be2 e5 7. O-O Nc6 8. Be3
Ng4 9. Bg5 f6 10. Bc1 exd4 11. Nxd4 Nxd4 12. Qxd4 Ne5 13. f4 Nc6 14. Qd5+ Kh8
15. f5 Ne5 16. Be3 c6 17. Qd2 Qe7 18. Rad1 Rd8 19. c5 Nf7 20. cxd6 Rxd6 21. Bc5
Rxd2 22. Bxe7 Rxd1 23. Rxd1 b5 24. g4 Kg8 25. a4 a6 26. b4 Ra7 27. Bc5 Rd7 28.
Rxd7 1/2-1/2

[Event "2017 Seattle Chess Classic"]
[Site "?"]
[Date "????.??.??"]
[Round "7"]
[White "Feng, Roland"]
[Black "He, Samuel"]
[Result "1-0"]
[WhiteElo "2471"]
[BlackElo "2278"]
[PlyCount "93"]
[SourceDate "2017.09.07"]
[SourceVersionDate "2017.09.07"]

1. d4 d5 2. c4 dxc4 3. e3 e5 4. Bxc4 exd4 5. Nf3 Bb4+ 6. Bd2 Bxd2+ 7. Qxd2 Nf6
8. exd4 O-O 9. O-O Qd6 10. Nc3 a6 11. Rfe1 Bf5 12. Qg5 Bg6 13. Ne5 Nc6 14. Nxc6
Qxc6 15. Bb3 Rad8 16. Rad1 Rfe8 17. Re5 Nd7 18. Re3 Nf6 19. Nd5 Nxd5 20. Bxd5
Qb6 21. Rde1 Kf8 22. Bxb7 Qxd4 23. Rxe8+ Rxe8 24. Rxe8+ Kxe8 25. Bxa6 f6 26.
Qe3+ Qxe3 27. fxe3 c5 28. Bc4 Be4 29. Kf2 Ke7 30. g3 f5 31. Ke2 Kd6 32. Bd3 Bd5
33. Bxf5 Bxa2 34. Bxh7 Ke5 35. Bg6 Kf6 36. Bc2 Bc4+ 37. Bd3 Bb3 38. e4 c4 39.
Bb1 Ke5 40. h4 Kd4 41. Kf3 Ke5 42. Ke3 g6 43. Kd2 Ba4 44. Kc3 Bb5 45. Kb4 Ba6
46. Kc5 Ke6 47. Ba2 1-0

[Event "2017 Seattle Chess Classic"]
[Site "?"]
[Date "????.??.??"]
[Round "7"]
[White "Du, Shuhan"]
[Black "Su, Michael"]
[Result "1/2-1/2"]
[WhiteElo "1709"]
[BlackElo "1974"]
[PlyCount "51"]
[SourceDate "2017.09.07"]
[SourceVersionDate "2017.09.07"]

1. d4 e6 2. c4 f5 3. g3 Nf6 4. Bg2 c6 5. Nf3 d5 6. cxd5 exd5 7. O-O Bd6 8. Nc3
O-O 9. Rb1 Qe7 10. a3 a5 11. Qc2 Ne4 12. Be3 f4 13. Bxf4 Bxf4 14. gxf4 Bf5 15.
Rbc1 Ng3 16. e4 Nxe4 17. Qe2 Qf6 18. Ne5 Qh4 19. Nxe4 Bxe4 20. Bxe4 dxe4 21.
Qc4+ Kh8 22. Nf7+ Rxf7 23. Qxf7 Qg4+ 24. Kh1 Qf3+ 25. Kg1 Qg4+ 26. Kh1 1/2-1/2